Estadísticas para Países de la epidemia de Ébola del 2014

Haz click aquí para intentar la prueba.

Estadísticas generales

  • Esta prueba ha sido intentada 1.240 veces
  • La puntuación promedio es 4 de 5

Estadísticas de respuestas

CasosMuertesPaís% Correcto
218Nigeria
78%
7140República Democrática
del Congo
77%
942601Guinea
71%
1655516Sierra Leona
67%
27201461Liberia
64%

Distribución de puntuación

Porcentaje por número respondido

Porcentaje de gente con cada puntuación

Historial de tus puntuaciones

No has intentado esta prueba.